Normal view
MARC view
- الاشراف الداخلي-الفنادق
Entry Topical Term
001 - CONTROL NUMBER
- control field: 32032
003 - CONTROL NUMBER IDENTIFIER
- control field: JO-AjAnu
005 - DATE AND TIME OF LATEST TRANSACTION
- control field: 20230606075404.0
008 - FIXED-LENGTH DATA ELEMENTS
- fixed length control field: 230606|| aca||aabn | a|a d
040 ## - CATALOGING SOURCE
- Original cataloging agency: JO-AjAnu
- Transcribing agency: JO-AjAnu
150 ## - HEADING--TOPICAL TERM
- Topical term or geographic name entry element: الاشراف الداخلي-الفنادق
670 ## - SOURCE DATA FOUND
- Source citation: Work cat.: (JO-AjAnu)16451: ابو سماحة ، اسامة راشد/م مشارك عامر، نهلة جابر , author 32031, اسس الاشراف الداخلي في المؤسسات الفندقية